| 000 | 00486nam a2200193Ia 4500 | ||
|---|---|---|---|
| 003 | GCL | ||
| 008 | 140319s9999 xx 000 0 eng d | ||
| 040 |
_aGCL / _cGCL |
||
| 082 | 0 | 4 |
_aCC _b930.132 _bH B |
| 100 | 1 | _aHIVERNEL, JACQUES | |
| 245 | 1 | 0 |
_aBALAT : ETUDE ETHOLOG D'UNE COMMUNAUTE / _cHIVERNEL, JACQUES |
| 260 |
_a[S.N] : _bIFAO ، _c1996 |
||
| 300 | _a204P | ||
| 650 | 0 | 4 | _aBALLET |
| 650 | 0 | 4 | _aEGYPT |
| 650 | 0 | 4 | _aETHNOLOGY |
| 650 | 0 | 4 | _aEHNOLOGY - EGYPT |
| 942 |
_2ddc _cBK |
||
| 999 |
_c19930 _d19930 |
||